000 00311nam a22001217a 4500
008 181018b xxu||||| |||| 00| 0 eng d
041 _aeng
080 _a316
100 _a50
101 _aSOC
245 _aSocial Starification a ComporativeE Analysis Of Structure And Proces
_cBarber.B
942 _2udc
_cBK
999 _c50158
_d50158